000 00567nam a2200181Ia 4500
999 _c21035
_d21035
003 OSt
005 20200623131301.0
008 190216s9999||||xx |||||||||||||| ||und||
020 _a9780195667097
040 _coclc
082 _a954.031
_bMET/F
100 _aMetcalf, Thomas R
_93137
245 0 _aForging The Raj :
_bEssays On British Indian In The Heyday Of Empire /
_cThomas R Metcalf
260 _bOxford University Press,
_aNew Delhi:
_c2005.
300 _a317p
650 _aHistory
942 _cBK
_2ddc
_h954.031
_iMET/F
_k954.031
_mMET/F